Loading...
| Mythology | 0 | 2 | 0 | 1 | 20 | 126 | 136.00 | 0 | 0 | 0.00 | 4.55 |
| History - World | 0 | 2 | 0 | 1 | 20 | 115 | 118.50 | 0 | 1 | 0.86 | 6.06 |
| Science - Chemistry | 0 | 2 | 1 | 0 | 15 | 114 | 119.00 | 0 | 1 | -0.08 | 3.03 |
| Science - Other | 0 | 1 | 0 | 1 | 10 | 128 | 128.00 | 0 | 0 | -0.14 | 1.52 |
| Religion | 0 | 1 | 0 | 1 | 10 | 143 | 143.00 | 0 | 1 | -0.06 | 1.52 |
| Literature - British | 0 | 1 | 0 | 0 | 10 | 142 | 142.00 | 0 | 0 | 0.00 | 1.52 |
| Literature - European | 0 | 1 | 0 | 1 | 10 | 139 | 139.00 | 0 | 0 | 0.00 | 1.52 |
| Literature - World | 0 | 1 | 0 | 0 | 10 | 91 | 91.00 | 0 | 1 | 2.96 | 7.58 |
| Fine Arts - Painting and Sculpture | 0 | 1 | 0 | 0 | 10 | 112 | 112.00 | 0 | 1 | 1.97 | 6.06 |
| Science - Biology | 0 | 2 | 2 | 1 | 10 | 119 | 121.50 | 0 | 0 | 0.77 | 4.55 |
| Social Science | 0 | 1 | 1 | 0 | 5 | 99 | 99.00 | 0 | 1 | 2.17 | 6.06 |
| History - Other | 0 | 1 | 1 | 0 | 5 | 135 | 135.00 | 0 | 0 | 0.26 | 4.55 |
| History - American | 0 | 0 | 0 | 0 | 0 | 0.00 | 0 | 0 | 0.00 | 0.00 | |
| Fine Arts - Classical Music | 0 | 0 | 0 | 0 | 0 | 0.00 | 0 | 0 | 0.00 | 0.00 | |
| Fine Arts - Other | 0 | 0 | 1 | 0 | -5 | 0.00 | 0 | 0 | 0.00 | 0.00 | |
| Science - Physics | 0 | 0 | 1 | 0 | -5 | 0.00 | 0 | 0 | 0.00 | 0.00 |